000 00731nam a2200241Ia 4500
003 OSt
005 20220923213003.0
006 a|||||r|||| 00| 0
007 ta
008 220922b |||||||| |||| 00| 0 hin d
024 _a157,926
037 _cTextual
040 _aARTS
_cARTS
_bhin
041 _2hin
_ahin
082 _aO152:g, M7
100 _aराघंव, प्रकाश
_9156318
245 0 _aआलोचना की नयी तलाश
246 _aĀlochanā kī nayī talāsha
260 _aजयपुर
_b साहित्सागार
_c1987
300 _a154 पृ.
_ccm.
942 _hO152:g, M7
_cTEXL
_2CC
999 _c312913
_d312913